| 000 | 00387 a2200109 4500 | ||
|---|---|---|---|
| 001 | ART_28308 | ||
| 005 | 20260410161854.0 | ||
| 008 | 260409a | ||
| 245 | 1 | 0 | _aEl despliegue del art. 42 de la Constitución Nacional |
| 100 | 1 | _aCarnota, Walter F. | |
| 773 | 0 |
_tDerecho público _gA 20 años de la Reforma Constitucional de 1994 - Año III, Nº 9 (ene. 2015) _wREV10451 |
|
| 999 |
_c25276 _d25276 |
||